Online
Catalog

An introduction to contemporary history / (Record no. 39473)

MARC details
000 -CABECERA
campo de control de longitud fija 00550nam a2200169 a 4500
001 - NÚMERO DE CONTROL
campo de control 000039983
005 - FECHA Y HORA DE LA ÚLTIMA TRANSACCIÓN
campo de control 20201002033840.0
008 - DATOS DE LONGITUD FIJA--INFORMACIÓN GENERAL
campo de control de longitud fija 130801s1967 re 001 0 spa d
040 ## - FUENTE DE LA CATALOGACIÓN
Centro catalogador/agencia de origen DO-SdBNP
Lengua de catalogación spa
Centro/agencia transcriptor BNPHU
082 ## - NÚMERO DE LA CLASIFICACIÓN DECIMAL DEWEY
Número de clasificación 909.82
Número de documento/Ítem B268i
100 1# - ENTRADA PRINCIPAL--NOMBRE DE PERSONA
Nombre de persona Barraclough, Geoffrey
Fechas asociadas al nombre 1908-1984
9 (RLIN) 66207
245 13 - MENCIÓN DE TÍTULO
Título An introduction to contemporary history /
Mención de responsabilidad, etc. Geoffrey Barraclough.
260 ## - PUBLICACIÓN, DISTRIBUCIÓN, ETC.
Lugar de publicación, distribución, etc. Gran Bretaña :
Nombre del editor, distribuidor, etc. Penguin Books,
Fecha de publicación, distribución, etc. 1967.
300 ## - DESCRIPCIÓN FÍSICA
Extensión 284 p. ;
Dimensiones 18 cm.
650 #4 - PUNTO DE ACCESO ADICIONAL DE MATERIA--TÉRMINO DE MATERIA
Término de materia o nombre geográfico como elemento de entrada Historia moderna
Subdivisión cronológica SIGLO XX
9 (RLIN) 18490
910 ## - DATOS DE OPCIÓN DEL USUARIO (OCLC)
Datos de opción del usuario Validado. Control de calidad MFF
Holdings
Estado de retiro Estado de pérdida Restricciones de uso No para préstamo Código de colección Localización permanente Ubicación/localización actual Ubicación en estantería Fecha de adquisición Número de inventario Total de préstamos Signatura topográfica completa Código de barras Fecha visto por última vez Precio válido a partir de Tipo de ítem Koha
      Excluido de préstamo Monografías: Libros y Folletos General General Depósito 01.08.2013 LF1   909.82 B268i 39983-10 25.06.2020 25.06.2020 No se presta

Powered by Koha